• 首页
  • 本馆介绍
  • 公告通知
  • 最新文献
  • 馆藏检索
  • 电子资源
  • 读者导购
  • 参考咨询
  • 我的图书馆
  • 登录
  • 详细信息显示
  • 放入我的书架
  • 预约/预借图书
  • 作者相关作品
  • 分类相关作品
  • 丛书相关作品
  • 出版社相关作品

书目信息

  • 表格格式
  • 工作单格式
  • 卡片格式
题名:
电子产品生产工艺
    
 
作者: 李怀甫 主编
分册:  
出版信息: 北京   电子工业出版社  2015
页数: 252页
开本: 26cm
丛书名:
单 册:
中图分类: TN05-43 , TN05
科图分类:
主题词: 电子产品--生产工艺--高等职业教育--教材
电子资源:
ISBN: 978-7-121-25966-1
000 00973nam0 2200253 450
001 2333682702
005 20231129092148.59
010    @a978-7-121-25966-1@dCNY36.00
100    @a20150814d2015 em y0chiy50 ea
101 0  @achi
102    @aCN@b110000
105    @aa az 000yy
200 1  @a电子产品生产工艺@Adian zi chan pin sheng chan gong yi@f李怀甫主编
210    @a北京@c电子工业出版社@d2015
215    @a252页@c图@d26cm
300    @a全国高等职业教育应用型人才培养规划教材
320    @a有书目(第252页)
330    @a本书着重介绍电子产品生产过程中的基本术语、操作方法、操作规程、技术标准与国家标准等相关知识。主要内容有安全生产与文明生产知识,工艺文件与设计文件知识,电子元器件识别与检测,元件、导线成型与加工工艺,电子部件装联工艺,总装与调试工艺,检验与包装工艺等。
606 0  @a电子产品@x生产工艺@x高等职业教育@j教材
690    @aTN05-43@v5
690    @aTN05@v4
701  0 @a李怀甫@Ali huai fu@4主编
801  0 @aCN@b山东中教@c20231126
905    @aBZT@dTN05@e7
    
    电子产品生产工艺/李怀甫主编.-北京:电子工业出版社,2015
    252页:图;26cm
    全国高等职业教育应用型人才培养规划教材
    
    ISBN 978-7-121-25966-1:CNY36.00
    本书着重介绍电子产品生产过程中的基本术语、操作方法、操作规程、技术标准与国家标准等相关知识。主要内容有安全生产与文明生产知识,工艺文件与设计文件知识,电子元器件识别与检测,元件、导线成型与加工工艺,电子部件装联工艺,总装与调试工艺,检验与包装工艺等。
●
相关链接 在五车中查询图书 在当当中查询图书 在豆瓣中查询图书


正题名:电子产品生产工艺     索取号:TN05/7         预约/预借

序号 登录号 条形码 馆藏地/架位号 状态 备注
1 2001189224   2001189224   中教(第二批第二书库)/山东中教(第二批)/1900/ [索取号:TN05/7] 在馆    
2 2001189225   2001189225   中教(第二批第二书库)/山东中教(第二批)/1900/ [索取号:TN05/7] 在馆    
3 2001189226   2001189226   中教(第二批第二书库)/山东中教(第二批)/1900/ [索取号:TN05/7] 在馆    
4 2001189227   2001189227   中教(第二批第二书库)/山东中教(第二批)/1900/ [索取号:TN05/7] 在馆    
5 2001189228   2001189228   中教(第二批第二书库)/山东中教(第二批)/1900/ [索取号:TN05/7] 在馆    
6 2001189229   2001189229   中教(第二批第二书库)/山东中教(第二批)/1900/ [索取号:TN05/7] 在馆    
7 2001189230   2001189230   中教(第二批第二书库)/山东中教(第二批)/1900/ [索取号:TN05/7] 在馆    
8 2001189231   2001189231   中教(第二批第二书库)/山东中教(第二批)/1900/ [索取号:TN05/7] 在馆    
9 2001189232   2001189232   中教(第二批第二书库)/山东中教(第二批)/1900/ [索取号:TN05/7] 在馆    
10 2001189233   2001189233   中教(第二批第二书库)/山东中教(第二批)/1900/ [索取号:TN05/7] 在馆    
11 2001189234   2001189234   中教(第二批第二书库)/山东中教(第二批)/1900/ [索取号:TN05/7] 在馆    
12 2001189235   2001189235   中教(第二批第二书库)/山东中教(第二批)/1900/ [索取号:TN05/7] 在馆    
13 2001189236   2001189236   中教(第二批第二书库)/山东中教(第二批)/1900/ [索取号:TN05/7] 在馆    
14 2001189237   2001189237   中教(第二批第二书库)/山东中教(第二批)/1900/ [索取号:TN05/7] 在馆    
15 2001189238   2001189238   中教(第二批第二书库)/山东中教(第二批)/1900/ [索取号:TN05/7] 在馆    
16 2001189239   2001189239   中教(第二批第二书库)/山东中教(第二批)/1900/ [索取号:TN05/7] 在馆    
17 2001189240   2001189240   中教(第二批第二书库)/山东中教(第二批)/1900/ [索取号:TN05/7] 在馆    
山东省滨州职业学院图书馆 欢迎您!
大连网信软件有限公司© 版权所有